000 00716 a2200205 4500
005 20240705155655.0
010 _aB-759747-753
020 _a9789355412812
_c1495.00
035 _aB-759747-753
037 _bSunnvik books
082 _a000
100 _aKelly, Miles
_968189
245 _aKnowledge Treasury Book My First Book Of Knowledge /
260 _aIndia
_bBrijbasi Art Press LTD
270 _aIndia
300 _a315 p.
_c28cm(Hb)
700 _aDickens's, Charles
_967474
942 _adpl
_cCH
_2ddc
_h000
_mKNO
999 _c203688
_d203688